000 01202nam a2200229Ia 4500
001 L240-12823
003 IT-CnALBA
008 170116s9999||||xx |||||||||||||| ||und||
040 _aIT-CnALBA
_cIT-CnALBA
041 _aITALIANO
100 _aLOMBARDI P. RICCARDO, SJ.
245 0 _aPER UN POSTCONCILIO EFFICACE. RITIRO AI PADRI CONCILIARI.
250 _a1a ed.
260 _a ROCCA DI PAPA
_bMONDO MIGLIORE EDIZ.
_c1963 [1° Ed.: n.d.]
300 _a139 p. (prefazione: 5)
500 _aPTROMOZIONE DELLA COMUNITÀ CRISTIANA. CHIESA E CONCILIO. CHIESA. RINNOVAMENTO DELLA COMUNITÀ. COMUNITÀ PARROCCHIALE. COMUNITÀ SOPRAPARROCCHIALE. CONCILIO EFFICACE. RINNOVAMENTO DEI VESCOVI. APOSTOLI DEL POSTCONCILIO. CHIESA UNIVERSALE.
501 _aSocietà San Paolo EM - Piazza San Paolo, 14 - 12051 ALBA (CN) (non commercial uses only) ® Copyright 2017
520 _aPTROMOZIONE DELLA COMUNITÀ CRISTIANA. CHIESA E CONCILIO. CHIESA. RINNOVAMENTO DELLA COMUNITÀ. COMUNITÀ PARROCCHIALE. COMUNITÀ SOPRAPARROCCHIALE. CONCILIO EFFICACE. RINNOVAMENTO DEI VESCOVI. APOSTOLI DEL POSTCONCILIO. CHIESA UNIVERSALE.
650 _aTEOLOGIA SPIRITUALE CRISTIANA
942 _cBK
957 _71
999 _a17576
_bNO
_g Copie: 1
_c271999
_d271999